000 00658mm a2200217a 44500
001 NM030180
003 RG CODE MARC
008 65020simpr ||||||||||||||000 | spa||
005 20251028183345.0
020 _a1-931952-33-7
040 _aORG CODE MARC
130 _a[Biblia. N.T. Español. MV. 2003]
_941012
245 _aNuevo Testamento Multiversiones
260 _a[Brasil]
_bSociedades Bíblicas Unidas
300 _a957 p.
_b22 cm.
500 _a"Reina Valera 1960, Reina Valera 95, Dios habla hoy, Biblia en lenguaje sencillo"
500 _aDonación de Stanley D. Clark, 2025
653 _aBIBLIA
653 _aNUEVO TESTAMENTO
942 _cBK
999 _c29487
_d29487